Central Library OPAC University of Rajshahi

The war of Greek independence, 1821 to 1833 / (Record no. 25557)

MARC details
000 -LEADER
fixed length control field 00810cam a22002651i 4500
001 - CONTROL NUMBER
control field 25557
003 - CONTROL NUMBER IDENTIFIER
rucl marc code BD-RjUL
005 - DATE AND TIME OF LATEST TRANSACTION
control field 20211209050909.0
008 - FIXED-LENGTH DATA ELEMENTS--GENERAL INFORMATION
fixed length control field 140317s1897 nyub b 001 0 eng
035 ## - SYSTEM CONTROL NUMBER
System control number (BD-RjUL)25627
System control number (OCoLC)2482910
040 ## - CATALOGING SOURCE
Original cataloging agency DLC
Transcribing agency MiMtpT
Modifying agency DLC
Language of cataloging eng
041 ## - LANGUAGE CODE
Language code of text/sound track or separate title eng
082 ## - DEWEY DECIMAL CLASSIFICATION NUMBER
Classification number 949.5
Author mark and year PHW 1897
100 1# - MAIN ENTRY--PERSONAL NAME
Personal name Phillips, W. Alison
Fuller form of name (Walter Alison),
Dates associated with a name 1864-1950.
9 (RLIN) 74892
245 14 - TITLE STATEMENT
Title The war of Greek independence, 1821 to 1833 /
Statement of responsibility, etc. by W. Alison Phillips.
260 ## - PUBLICATION, DISTRIBUTION, ETC. (IMPRINT)
Place of publication, distribution, etc. New York :
Name of publisher, distributor, etc. C. Scribner's Sons,
Date of publication, distribution, etc. 1897.
300 ## - PHYSICAL DESCRIPTION
Pagination xv, 428 p., fold. map :
Illustrations ill. ;
Size 20 cm.
504 ## - BIBLIOGRAPHY, ETC. NOTE
Bibliography, etc Includes index
651 #0 - SUBJECT ADDED ENTRY--GEOGRAPHIC NAME
Geographic name Greece
General subdivision History.
9 (RLIN) 78582
856 41 - ELECTRONIC LOCATION AND ACCESS
Uniform Resource Identifier <a href="http://hdl.loc.gov/loc.gdc/scd0001.00089006193">http://hdl.loc.gov/loc.gdc/scd0001.00089006193</a>
942 ## - ADDED ENTRY ELEMENTS (KOHA)
Source of classification or shelving scheme Dewey Decimal Classification
Koha item type Books
Holdings
Lost status Source of classification or shelving scheme Damaged status Not for loan Collection code Permanent Location Current Location Shelving location Date acquired Source of acquisition Cost, normal purchase price Total Checkouts Full call number Date last seen Copy number Koha item type
  Dewey Decimal Classification   Added to bundle Non-fiction Central Library, University of Rajshahi Central Library, University of Rajshahi Reading Room 03/12/1957 Pak. American 9.00   949.5 PHW 1897 18/03/2014 C-1 Books